| 000 | 00630nam a22002297a 4500 | ||
|---|---|---|---|
| 005 | 20220713162234.0 | ||
| 008 | 220713b ||||| |||| 00| 0 eng d | ||
| 040 | _cAL | ||
| 041 | _aEnglish | ||
| 082 |
_223 _a301.3640954 _bSOVU |
||
| 100 |
_aN V SOVU _948852 |
||
| 245 | _aUrbanization and Urban India | ||
| 260 |
_aBombay _bAsia Publishing House _c1966 |
||
| 300 |
_a160 p. _bHB _c25x17 cm. |
||
| 365 |
_b₹22.00 _c₹ _d₹22.00 |
||
| 650 |
_aUrbanization _948853 |
||
| 650 |
_aIndia _948854 |
||
| 650 |
_aSocial conditions _948855 |
||
| 650 |
_aCity planning _948856 |
||
| 700 |
_aSOVANI (N V) _948857 |
||
| 942 |
_2ddc _cGF |
||
| 999 |
_c223743 _d223743 |
||